000 01196cpmaa2200301 4500
001 mm 91006227
003 DLC
005 20260227111723.0
008 910718|||||||||||| eng
010 _amm 91006227
040 _aDLC
_cDLC
_edacs
_dDLC
072 7 _aW
_2lcmd
100 1 _aEllis, Daniel T.
245 0 0 _aDaniel T. Ellis papers,
_f1865.
300 _a1
_fitem.
506 0 _aOpen to research.
520 8 _aALS (1865 February 24) from Ellis, a Union soldier stationed at a prison for Confederate soldiers at Rock Island, Ill., describing prison conditions.
545 0 _aSoldier in the Union Army.
546 _aCollection material in English.
580 _aForms part of: Miscellaneous Manuscripts collection.
651 0 _aIllinois
_xHistory
_yCivil War, 1861-1865.
651 0 _aRock Island (Ill.)
_xHistory.
651 0 _aUnited States
_xHistory
_yCivil War, 1861-1865
_xPersonal narratives.
651 0 _aUnited States
_xHistory
_yCivil War, 1861-1865
_xPrisoners and prisons.
656 7 _aSoldiers.
_2itoamc
999 _c44244
_d44244